[Event "SK Sodingen/Castrop 1 - Bielefelder SK "]
[Site "NRW-Klasse - Gruppe 2 2018/20"]
[Date "2018.11.18"]
[Round "3.6"]
[White "Hille, Ralph Ingo"]
[Black "Roemhild, Marcus"]
[Result "0-1"]
[WhiteElo "2066"]
[BlackElo "2047"]
[Annotator "Daniel"]
[PlyCount "138"]
[EventDate "2018.??.??"]
[WhiteTeam "SK Sodingen/Castrop 1"]
[BlackTeam "Bielefelder SK 1"]

1. b3 c5 2. Bb2 Nc6 3. f4 Nf6 4. Nf3 d5 5. e3 e6 6. Bb5 Bd7 7. O-O a6 8. Bxc6
Bxc6 9. Ne5 Rc8 10. d3 Be7 11. Nd2 O-O 12. Qe2 b5 13. c4 Bb7 14. Rad1 Qa5 15.
a3 Qb6 16. Ndf3 Rcd8 17. h3 Ne8 18. Qc2 $11 f6 19. Ng4 Nd6 20. cxd5 exd5 21.
Kh2 h5 22. Nf2 Nf5 23. Rfe1 Bd6 24. Bc1 d4 25. e4 Ne3 26. Bxe3 dxe3 27. Nh1
Bxf4+ 28. g3 Bh6 29. Nh4 Bc8 30. Qe2 Rfe8 31. Qxh5 Re5 32. Qf3 Qd6 33. Ng2 Qe6
34. g4 Qxb3 35. Nxe3 Rxd3 36. Rxd3 Qxd3 37. Ng3 Bb7 38. Qf2 Bxe4 39. g5 Bxg5
40. Ng4 Re8 41. Nxe4 Rxe4 42. Rxe4 Qxe4 43. Qxc5 Qe6 44. Kg2 Qa2+ 45. Kf3 Qb3+
46. Ke4 Qe6+ 47. Kf3 Qc4 48. Qe7 Qc6+ 49. Kg3 Bc1 50. h4 Qc3+ 51. Kg2 Qc2+ 52.
Nf2 Qc6+ 53. Kg3 Qc3+ 54. Kg2 Bxa3 55. Qe8+ Bf8 56. Qe6+ Kh8 57. Qxa6 Qe5 58.
Qa8 Kg8 59. Qa2+ Kh7 60. Qa8 Bd6 61. Ne4 Qh2+ 62. Kf1 Be5 63. Ng5+ fxg5 64.
Qe4+ Kh6 65. Qc6+ g6 66. hxg5+ Kxg5 67. Qxb5 Qf4+ 68. Kg2 Qe4+ 69. Kf2 Kg4 0-1

[Event "SK Sodingen/Castrop 1 - Bielefelder SK "]
[Site "NRW-Klasse - Gruppe 2 2018/20"]
[Date "2018.11.18"]
[Round "3.7"]
[White "Danielmeier, Ralf"]
[Black "Mueller, Frank"]
[Result "1/2-1/2"]
[WhiteElo "1992"]
[BlackElo "1991"]
[PlyCount "48"]
[EventDate "2018.??.??"]
[WhiteTeam "Bielefelder SK 1"]
[BlackTeam "SK Sodingen/Castrop 1"]

1. e4 c5 2. Nf3 e6 3. d3 Nc6 4. g3 g6 5. Bg2 Bg7 6. O-O Nge7 7. c3 O-O 8. Be3
b6 9. Nbd2 Ba6 10. Nb3 Rc8 11. Qd2 d5 12. Rfd1 Qc7 13. Bh6 Rfd8 14. exd5 Nxd5
15. Bxg7 Kxg7 16. d4 Nde7 17. Qe1 cxd4 18. Nbxd4 Nxd4 19. Rxd4 Rxd4 20. Nxd4 e5
21. Nf3 f6 22. Rd1 Rd8 23. Rxd8 Qxd8 24. Qd2 Qxd2 1/2-1/2

[Event "SK Sodingen/Castrop 1 - Bielefelder SK "]
[Site "NRW-Klasse - Gruppe 2 2018/20"]
[Date "2018.11.18"]
[Round "3.8"]
[White "Rohovoy, Dmitrij"]
[Black "Schnitker, Rainer"]
[Result "1-0"]
[WhiteElo "1939"]
[BlackElo "2026"]
[PlyCount "61"]
[EventDate "2018.??.??"]
[WhiteTeam "SK Sodingen/Castrop 1"]
[BlackTeam "Bielefelder SK 1"]

1. d4 g6 2. c4 Bg7 3. Nf3 d6 4. Bg5 h6 5. Bh4 c5 6. e3 Nf6 7. Nc3 O-O 8. Bd3
Bg4 9. d5 Nbd7 10. Qc2 a6 11. Bg3 Bxf3 12. gxf3 b5 13. cxb5 Nb6 14. e4 c4 15.
Be2 Qd7 16. bxa6 Rxa6 17. O-O Nh5 18. b3 Rc8 19. bxc4 Nxc4 20. Rac1 Raa8 21.
Bxc4 Rxc4 22. Qd2 Bxc3 23. Rxc3 Rxc3 24. Qxc3 Rxa2 25. Rb1 Qa7 26. Qc8+ Kg7 27.
Rb8 Kf6 28. Qh8+ Ng7 29. Bh4+ g5 30. Qxh6+ Ke5 31. Qxg5+ 1-0

[Event "Düsseldorfer SK 2 - Godesberger SK 1"]
[Site "NRW-Klasse - Gruppe 2 2018/20"]
[Date "2018.11.18"]
[Round "3.1"]
[White "Nasuta, Grzegorz"]
[Black "de Gleria, Francesco"]
[Result "1-0"]
[WhiteElo "2503"]
[BlackElo "2398"]
[Annotator "Daniel"]
[PlyCount "81"]
[EventDate "2018.??.??"]
[WhiteTeam "Godesberger SK 1"]
[BlackTeam "Düsseldorfer SK 2"]

1. e4 c5 2. Nf3 d6 3. Bb5+ Nd7 4. O-O a6 5. Bd3 g6 6. c3 Bg7 7. Bc2 Ngf6 8. d4
cxd4 9. cxd4 O-O 10. Nc3 b5 11. e5 dxe5 $11 12. dxe5 Ng4 13. e6 fxe6 14. h3
Nge5 15. Ng5 Nb6 16. Qe1 h6 17. Nge4 b4 18. Ne2 Qc7 19. Bb3 Bb7 20. Nf4 Rxf4
21. Bxf4 Nf3+ 22. gxf3 Qxf4 23. Qe3 Qxe3 24. Bxe6+ Kf8 25. fxe3 Bxb2 26. Rab1
Ba3 27. Rfd1 Bc6 28. Nc5 Kg7 29. Bb3 Bxf3 30. Rf1 Be2 31. Rf7+ Kh8 32. Rxe7 Rc8
33. Ne4 Rf8 34. Nd6 a5 35. Nf7+ Kg7 36. Ne5+ Kf6 37. Re6+ Kf5 38. Nxg6 Rg8 39.
Re1 Bd3 40. e4+ Kg5 41. h4+ 1-0

[Event "Düsseldorfer SK 2 - Godesberger SK 1"]
[Site "NRW-Klasse - Gruppe 2 2018/20"]
[Date "2018.11.18"]
[Round "3.2"]
[White "Coenen, Michael"]
[Black "Seger, Ruediger"]
[Result "1/2-1/2"]
[WhiteElo "2327"]
[BlackElo "2323"]
[PlyCount "41"]
[EventDate "2018.??.??"]
[WhiteTeam "Düsseldorfer SK 2"]
[BlackTeam "Godesberger SK 1"]

1. e4 c6 2. d4 d5 3. exd5 cxd5 4. c4 Nf6 5. Nc3 Nc6 6. Nf3 Bg4 7. cxd5 Nxd5 8.
Qb3 Bxf3 9. gxf3 e6 10. Qxb7 Nxd4 11. Bb5+ Nxb5 12. Qc6+ Ke7 13. Qxb5 Qd7 14.
Nxd5+ Qxd5 15. Qxd5 exd5 16. Be3 Ke6 17. O-O-O Bb4 18. Bd4 f6 19. Rhg1 g6 20.
Rd3 a6 21. Kb1 1/2-1/2

[Event "Düsseldorfer SK 2 - Godesberger SK 1"]
[Site "NRW-Klasse - Gruppe 2 2018/20"]
[Date "2018.11.18"]
[Round "3.3"]
[White "Koehler, Christian Friedrich"]
[Black "Kohlweyer, Bernd"]
[Result "1/2-1/2"]
[WhiteElo "2244"]
[BlackElo "2296"]
[Annotator "Daniel"]
[PlyCount "187"]
[EventDate "2018.??.??"]
[WhiteTeam "Godesberger SK 1"]
[BlackTeam "Düsseldorfer SK 2"]

1. d4 Nf6 2. Nf3 e6 3. e3 c5 4. Bd3 b6 5. b3 Bb7 6. Bb2 g6 7. Nbd2 Bg7 8. dxc5
bxc5 9. Ne4 O-O 10. Nxf6+ Bxf6 11. Bxf6 Qxf6 12. O-O Bxf3 13. gxf3 Nc6 14. f4
d5 15. Qd2 Rfd8 16. c3 e5 17. fxe5 Nxe5 18. f4 Nc4 19. Qe2 Nd6 20. Rac1 Re8 21.
Qf3 Rad8 22. c4 dxc4 23. Bxc4 Nxc4 24. Rxc4 Rd3 25. Re4 Qc6 26. Re7 Qb5 27. Qb7
Qxb7 28. Rxb7 Rexe3 29. Rxa7 Re2 30. Rf2 Rdd2 31. Rxe2 Rxe2 32. a4 Rb2 33. Rc7
Rxb3 34. Rxc5 Rb4 35. f5 Rxa4 36. fxg6 hxg6 37. Kg2 Kg7 38. Rc7 Kf6 39. Kf3 Rd4
40. Kg3 Ke6 41. h3 f6 42. Ra7 g5 43. Ra6+ Ke5 44. Ra5+ Rd5 45. Ra8 Rd3+ 46. Kg4
Ke6 47. Ra6+ Kf7 48. Ra8 $11 Rd4+ 49. Kg3 f5 50. Ra6 Rd3+ 51. Kg2 Re3 52. Rb6
Re6 53. Rb8 Kf6 54. Rf8+ Ke5 55. Kf3 Ra6 56. Re8+ Kf6 57. Rf8+ Ke6 58. Rg8 Ra3+
59. Kg2 Kf6 60. Re8 Rb3 61. Re2 f4 62. Ra2 Rg3+ 63. Kh2 Rd3 64. Kg2 Re3 65.
Ra6+ Kf5 66. Ra5+ Kg6 67. Ra6+ Kh5 68. Ra8 Re2+ 69. Kf3 Re3+ 70. Kg2 Kg6 71.
Ra6+ Kf5 72. Ra5+ Re5 73. Ra2 Rd5 74. Rc2 Rd3 75. Rc5+ Ke4 76. Rxg5 Rd2+ 77.
Kg1 Kf3 78. Rg8 Rd1+ 79. Kh2 Kf2 80. Rf8 f3 81. h4 Ke2 82. Re8+ Kf1 83. Kg3 f2
84. Rf8 Rd3+ 85. Kg4 Kg2 86. Rxf2+ Kxf2 87. h5 Ke3 88. h6 Ke4 89. h7 Rd1 90.
Kg5 Rh1 91. Kg6 Ke5 92. Kg7 Ke6 93. h8=Q Rxh8 94. Kxh8 1/2-1/2

[Event "Düsseldorfer SK 2 - Godesberger SK 1"]
[Site "NRW-Klasse - Gruppe 2 2018/20"]
[Date "2018.11.18"]
[Round "3.5"]
[White "Schulte-Geers, Niklas"]
[Black "Hoenig, Alexander"]
[Result "1/2-1/2"]
[WhiteElo "2118"]
[BlackElo "2155"]
[PlyCount "118"]
[EventDate "2018.??.??"]
[WhiteTeam "Godesberger SK 1"]
[BlackTeam "Düsseldorfer SK 2"]

1. d4 Nf6 2. c4 e6 3. Nf3 b6 4. g3 Bb7 5. Bg2 Bb4+ 6. Bd2 Qe7 7. a3 Bxd2+ 8.
Nbxd2 c5 9. e3 O-O 10. O-O Rd8 11. Qc2 Nc6 12. Rfe1 Rac8 13. Rac1 cxd4 14. exd4
Na5 15. c5 Bd5 16. b4 Nc6 17. Qb2 a5 18. Nc4 Bxc4 19. Rxc4 b5 20. Rc3 Nd5 21.
Rb3 axb4 22. axb4 d6 23. Nd2 dxc5 24. bxc5 Qf6 25. Ne4 Qxd4 26. Rxb5 Qxb2 27.
Rxb2 Ne5 28. Nd6 Nd3 29. Nxc8 Nxb2 30. Bxd5 Rxc8 31. Rxe6 Kf8 32. Rb6 Rxc5 33.
Rb8+ Ke7 34. Rb7+ Kf6 35. Rxf7+ Kg6 36. Rd7 Nc4 37. Kg2 Kh6 38. h4 Ne5 39. Rd6+
g6 40. Kh3 Rc7 41. f4 Nd7 42. Ra6 Kg7 43. h5 gxh5 44. Bf3 Nf6 45. Ra5 Kh6 46.
Ra6 Kg7 47. Kh4 Rc2 48. Kg5 Rc5+ 49. f5 h6+ 50. Kf4 Rc4+ 51. Ke5 Nd7+ 52. Kd6
Nc5 53. Ra5 Rc3 54. Ra7+ Kf6 55. Bxh5 Ne4+ 56. Kd5 Nxg3 57. Rf7+ Kg5 58. Bg6 h5
59. Ke5 Re3+ 1/2-1/2

[Event "Düsseldorfer SK 2 - Godesberger SK 1"]
[Site "NRW-Klasse - Gruppe 2 2018/20"]
[Date "2018.11.18"]
[Round "3.6"]
[White "von Buenau, Heinrich"]
[Black "Stenzel, Thomas"]
[Result "1/2-1/2"]
[WhiteElo "2167"]
[BlackElo "2117"]
[PlyCount "35"]
[EventDate "2018.??.??"]
[WhiteTeam "Düsseldorfer SK 2"]
[BlackTeam "Godesberger SK 1"]

1. Nf3 Nf6 2. c4 g6 3. b3 Bg7 4. Bb2 d6 5. d4 c6 6. Nc3 O-O 7. g3 Qa5 8. Qd2
Qh5 9. Qg5 Qxg5 10. Nxg5 e5 11. dxe5 dxe5 12. Bg2 Na6 13. O-O Bf5 14. Rad1 Rfe8
15. Nge4 Nxe4 16. Nxe4 Bxe4 17. Bxe4 Rad8 18. Bc3 1/2-1/2

[Event "Düsseldorfer SK 2 - Godesberger SK 1"]
[Site "NRW-Klasse - Gruppe 2 2018/20"]
[Date "2018.11.18"]
[Round "3.7"]
[White "Kutzner, Stephen"]
[Black "Berndt, Axel"]
[Result "0-1"]
[WhiteElo "2190"]
[BlackElo "2125"]
[PlyCount "54"]
[EventDate "2018.??.??"]
[WhiteTeam "Godesberger SK 1"]
[BlackTeam "Düsseldorfer SK 2"]

1. e4 Nf6 2. e5 Nd5 3. d4 d6 4. Nf3 g6 5. Bc4 Nb6 6. Bb3 Bg7 7. Ng5 e6 8. Qf3
Qe7 9. Ne4 dxe5 10. Bg5 Qb4+ 11. c3 Qa5 12. Nf6+ Kf8 13. d5 e4 14. Qxe4 N8d7
15. Nxd7+ Bxd7 16. dxe6 Bxe6 17. Be3 Bxb3 18. axb3 Qxa1 19. Bc5+ Kg8 20. Ba3
Bf8 21. O-O Bxa3 22. bxa3 Qb2 23. Re1 Qxb3 24. Nd2 Qd5 25. Qf4 Kg7 26. Re5 Qd6
27. Qe3 Rhd8 0-1

[Event "Düsseldorfer SK 2 - Godesberger SK 1"]
[Site "NRW-Klasse - Gruppe 2 2018/20"]
[Date "2018.11.18"]
[Round "3.8"]
[White "Partenheimer, Axel"]
[Black "Wecker, Martin"]
[Result "1/2-1/2"]
[WhiteElo "2097"]
[BlackElo "2105"]
[PlyCount "63"]
[EventDate "2018.??.??"]
[WhiteTeam "Düsseldorfer SK 2"]
[BlackTeam "Godesberger SK 1"]

1. Nf3 d5 2. g3 c5 3. Bg2 Nc6 4. d4 e6 5. O-O Nf6 6. c4 Be7 7. cxd5 exd5 8.
dxc5 Bxc5 9. Qc2 Bb6 10. Nc3 h6 11. Na4 O-O 12. Nxb6 Qxb6 13. a3 Bg4 14. Qd3
Rfe8 15. b4 Ne5 16. Nxe5 Rxe5 17. e3 Bf5 18. Qc3 Ree8 19. Bb2 a6 20. Rac1 Rac8
21. Qd4 Qxd4 22. Bxd4 Ne4 23. Rfd1 Rxc1 24. Rxc1 Rc8 25. Rxc8+ Bxc8 26. Kf1 Bd7
27. Ke1 f6 28. Bf3 Kf7 29. Bd1 Nd6 30. Bb3 Nc4 31. e4 Be6 32. exd5 1/2-1/2

[Event "Südlohner SV 1 - SF Essen-Katernberg  "]
[Site "NRW-Klasse - Gruppe 2 2018/20"]
[Date "2018.11.18"]
[Round "3.1"]
[White "Tomic, Bosko"]
[Black "Kolakovic, Klaudio"]
[Result "1-0"]
[WhiteElo "2355"]
[BlackElo "2112"]
[Annotator "Daniel"]
[PlyCount "99"]
[EventDate "2018.??.??"]
[WhiteTeam "SF Essen-Katernberg  1"]
[BlackTeam "Südlohner SV 1"]

1. e4 c5 2. Nf3 Nc6 3. Bb5 Qc7 4. Nc3 a6 5. Bxc6 dxc6 6. h3 e5 7. a4 a5 8. d3
f6 9. O-O Be6 10. Be3 g5 11. Ne2 h5 12. Nh2 Rd8 13. Ng3 Qf7 14. Nf5 Bxf5 15.
exf5 Qd7 16. Qf3 Bd6 17. Bd2 Bc7 18. Be3 Bd6 $11 19. Qe4 Ne7 20. g4 h4 21. Nf3
Nd5 22. Nd2 O-O 23. Nc4 b6 24. Nd2 Bc7 25. Rfd1 Rfe8 26. Qf3 Bd6 27. Ne4 Be7
28. Re1 Kf7 29. Rad1 Nxe3 30. fxe3 Qc7 31. Rf1 Rg8 32. Nc3 Rd7 33. Qe4 Kg7 34.
Qc4 Rgd8 35. Ne4 Rd5 36. Rd2 Qd7 37. Rdf2 Kf8 38. Nxg5 fxg5 39. f6 Bd6 40. Qe4
Qf7 41. c4 Bc7 42. cxd5 cxd5 43. Qf5 e4 44. dxe4 dxe4 45. Qxg5 Bg3 46. Rf5 Rd2
47. Qh6+ Ke8 48. Rg5 Qb3 49. Qh8+ Kd7 50. Rg7+ 1-0

[Event "Südlohner SV 1 - SF Essen-Katernberg  "]
[Site "NRW-Klasse - Gruppe 2 2018/20"]
[Date "2018.11.18"]
[Round "3.2"]
[White "Voelker, Christian"]
[Black "Rosen, Bernd"]
[Result "0-1"]
[WhiteElo "2065"]
[BlackElo "2293"]
[Annotator "Daniel"]
[PlyCount "132"]
[EventDate "2018.??.??"]
[WhiteTeam "Südlohner SV 1"]
[BlackTeam "SF Essen-Katernberg  1"]

1. e4 e6 2. d4 d5 3. Nc3 Nf6 4. Bg5 Bb4 5. e5 h6 6. exf6 hxg5 7. fxg7 Rg8 8. h4
gxh4 9. Qh5 Qf6 10. Qxh4 Qxg7 11. Nf3 Nd7 12. Rh3 Be7 13. Qf4 Bd6 14. Qe3 c6
15. O-O-O Nf6 16. Ne5 Ng4 17. Nxg4 Qxg4 18. g3 Bd7 19. Rh7 Qg5 20. Qxg5 Rxg5
21. Bd3 Ke7 22. Ne2 Rag8 23. Rdh1 R5g7 24. Kd2 Rxh7 25. Rxh7 e5 26. dxe5 Bxe5
27. c3 $11 c5 28. Ke3 Be6 29. a3 Kd6 30. f4 Bg7 31. f5 Bd7 32. g4 Bc6 33. g5
Be5 34. g6 fxg6 35. fxg6 Re8 36. Kd2 Bf6 37. Rh5 Be5 38. Rh6 Ke7 39. Rh7+ Kd6
40. b4 c4 41. Bc2 Bd7 42. Rf7 Rh8 43. Rh7 Rf8 44. Rh6 Be6 45. Rh7 Bg4 46. Bd1
Bd7 47. a4 Rf2 48. Ke3 Rg2 49. Bc2 Bg4 50. Bd1 Bxe2 51. Bxe2 Bxc3 52. Rxb7 Rxg6
53. Rxa7 Re6+ 54. Kf3 Ke5 55. Rc7 Kd4 56. b5 Be1 57. Bd1 Kd3 58. Rc5 d4 59. Kf4
Bb4 60. Rc8 Re1 61. Bg4 c3 62. b6 Bd6+ 63. Kf3 Kd2 64. Bf5 d3 65. Rd8 c2 66.
Rxd6 Re3+ 0-1

[Event "Südlohner SV 1 - SF Essen-Katernberg  "]
[Site "NRW-Klasse - Gruppe 2 2018/20"]
[Date "2018.11.18"]
[Round "3.3"]
[White "Wessendorf, Thomas"]
[Black "Engels, Natia"]
[Result "1/2-1/2"]
[WhiteElo "2182"]
[BlackElo "2068"]
[Annotator "Daniel"]
[PlyCount "191"]
[EventDate "2018.??.??"]
[WhiteTeam "SF Essen-Katernberg  1"]
[BlackTeam "Südlohner SV 1"]

1. e4 c5 2. Nf3 d6 3. d4 cxd4 4. Nxd4 Nf6 5. Nc3 g6 6. Be3 Bg7 7. f3 O-O 8. Qd2
Nc6 9. Bc4 d5 10. exd5 Nb4 11. Nde2 b5 12. Bb3 Bb7 13. Nf4 a5 14. a4 bxa4 15.
Rxa4 g5 16. Nfe2 Nfxd5 17. Nxd5 Nxd5 18. Bxg5 Ra6 19. c3 h6 20. Bh4 Rg6 21. Bg3
e5 22. Bc2 f5 23. O-O e4 24. fxe4 Nxc3 25. Qe3 Nxa4 26. Qb3+ Kh8 27. Qxb7 Nc5
28. Qb5 Nxe4 29. Be1 Qb6+ 30. Qxb6 Rxb6 31. Bxa5 Rxb2 32. Bxe4 Rxe2 33. Bf3 Rb2
34. Rd1 Rfb8 35. Bc7 Rc8 36. Bf4 Rb4 37. Be3 Rcb8 38. Ba7 Rc8 39. h3 Rbc4 40.
Rd5 Rc1+ 41. Kh2 Rf8 42. Bd4 Bxd4 43. Rxd4 Kg7 44. Kg3 Kg6 45. Rd6+ Rf6 46.
Bh5+ Kg7 47. Rd7+ Kf8 48. Rd4 Ke7 49. Bf3 Rd6 50. Rb4 Kf6 51. Kf4 Rc2 52. Rb8
Rd4+ 53. Kg3 Rc3 54. Rf8+ Kg6 55. Rg8+ Kf7 56. Rh8 Kg7 57. Rb8 h5 58. Rb1 h4+
59. Kh2 Rd2 60. Rf1 Kg6 61. Bb7 Kg5 62. Bf3 Rdc2 63. Bb7 Rc1 64. Rxc1 Rxc1 65.
Bf3 $11 Kf4 66. Bd5 Re1 67. Bf3 Re4 68. Bh5 Ke3 69. Bf3 Kf2 70. Bh5 Kf1 71. Bf3
Re3 72. Bc6 Re4 73. Bd5 Kf2 74. Bc6 Ke3 75. Bd7 Kf4 76. Bc6 Ke5 77. Be8 Re2 78.
Bh5 Re3 79. Bd1 Kf4 80. Ba4 Rg3 81. Bc6 Ke3 82. Bd5 Kf2 83. Bc6 Re3 84. Bd5 Re4
85. Bc6 Ke3 86. Bd7 f4 87. Bg4 Kf2 88. Bf3 Re2 89. Bd5 Re3 90. Bc6 f3 91. Bxf3
Rxf3 92. gxf3 Kxf3 93. Kh1 Kg3 94. Kg1 Kxh3 95. Kh1 Kg3 96. Kg1 1/2-1/2

[Event "Südlohner SV 1 - SF Essen-Katernberg  "]
[Site "NRW-Klasse - Gruppe 2 2018/20"]
[Date "2018.11.18"]
[Round "3.4"]
[White "Doennebrink, Elmar"]
[Black "Kueppers, Timo"]
[Result "1/2-1/2"]
[WhiteElo "2063"]
[BlackElo "2247"]
[PlyCount "94"]
[EventDate "2018.??.??"]
[WhiteTeam "Südlohner SV 1"]
[BlackTeam "SF Essen-Katernberg  1"]

1. e4 c5 2. Nf3 d6 3. d4 cxd4 4. Qxd4 Nf6 5. Bg5 Nc6 6. Bb5 Bd7 7. Bxc6 bxc6 8.
c4 e5 9. Qd3 h6 10. Bd2 Be7 11. Nc3 Qc7 12. O-O O-O 13. Ne1 Rad8 14. Nc2 Be6
15. Ne3 Qb6 16. b3 Rd7 17. Rac1 Rfd8 18. Qe2 g6 19. g3 Bh3 20. Ng2 Kh7 21. Be3
Qa6 22. Rc2 Bf8 23. f3 Nh5 24. Qf2 Bg7 25. g4 Bxg2 26. Kxg2 Nf4+ 27. Bxf4 exf4
28. Ne2 Be5 29. Rd1 Kg7 30. Rcd2 Qb7 31. Rd3 a5 32. Qe1 Qa7 33. Qd2 g5 34. Nd4
Bxd4 35. Rxd4 Qc5 36. Qc3 Qe5 37. Qd2 Kf8 38. Qc2 Ke7 39. Qd2 Rh8 40. Qc2 Rdd8
41. Qf2 h5 42. gxh5 Rxh5 43. R4d2 Rdh8 44. Qa7+ Kf8 45. Kg1 Kg7 46. Rg2 R8h6
47. Qd4 Qxd4+ 1/2-1/2

[Event "Südlohner SV 1 - SF Essen-Katernberg  "]
[Site "NRW-Klasse - Gruppe 2 2018/20"]
[Date "2018.11.18"]
[Round "3.5"]
[White "Gassmann, Volker"]
[Black "Darwisch, Khaled"]
[Result "1-0"]
[WhiteElo "2171"]
[BlackElo "2130"]
[PlyCount "77"]
[EventDate "2018.??.??"]
[WhiteTeam "SF Essen-Katernberg  1"]
[BlackTeam "Südlohner SV 1"]

1. c4 d6 2. Nc3 g6 3. d4 Bg7 4. e4 Nd7 5. Be3 e5 6. Be2 Ne7 7. dxe5 dxe5 8. Qc2
O-O 9. O-O-O c6 10. h4 h6 11. h5 g5 12. Bg4 Qe8 13. Nge2 Nb6 14. Bxc8 Qxc8 15.
Bc5 Re8 16. b3 Nd7 17. Bd6 Nf8 18. Ng3 Ne6 19. Nce2 c5 20. Bxe7 Rxe7 21. Nf5
Rd7 22. Rd5 Qc7 23. Rhd1 Nd4 24. Qd3 Rxd5 25. cxd5 Qa5 26. Nexd4 cxd4 27. Kb1
Bf8 28. Qc4 Rb8 29. d6 Rd8 30. Rc1 Rxd6 31. Nxd6 Bxd6 32. Qd5 Qa6 33. Rc4 Kg7
34. a4 Qb6 35. Qb5 Qd8 36. Qxb7 a5 37. Qd5 Qb8 38. Qb5 Qa8 39. Rc6 1-0

[Event "Südlohner SV 1 - SF Essen-Katernberg  "]
[Site "NRW-Klasse - Gruppe 2 2018/20"]
[Date "2018.11.18"]
[Round "3.6"]
[White "Teloeken, Andreas"]
[Black "Kaeding, Rainer"]
[Result "1-0"]
[WhiteElo "2013"]
[BlackElo "2129"]
[PlyCount "97"]
[EventDate "2018.??.??"]
[WhiteTeam "Südlohner SV 1"]
[BlackTeam "SF Essen-Katernberg  1"]

1. Nf3 d5 2. c4 c6 3. g3 Nf6 4. Bg2 Bf5 5. cxd5 cxd5 6. Qb3 Qb6 7. Qxb6 axb6 8.
Nc3 Nc6 9. d3 e6 10. Bd2 h6 11. Nb5 Kd7 12. Nbd4 Bh7 13. Nxc6 bxc6 14. Ne5+ Ke8
15. Nxc6 Bd6 16. Bc3 Kd7 17. Ne5+ Ke7 18. Nc6+ Kd7 19. Ne5+ Ke7 20. O-O Rhc8
21. Nf3 g5 22. Nd4 Ne8 23. Nb5 Kd7 24. e4 Rc5 25. Nxd6 Nxd6 26. Bb4 Rb5 27. a3
Rc8 28. Rfd1 d4 29. Rac1 Rxc1 30. Rxc1 g4 31. Bxd6 Kxd6 32. b4 Rg5 33. Rc4 e5
34. b5 Rg6 35. f3 gxf3 36. Bxf3 Ke7 37. Rc7+ Ke8 38. Bd1 Rd6 39. Bb3 Bg6 40.
Bd5 f5 41. a4 fxe4 42. dxe4 Bh5 43. Kf2 Bd1 44. Ra7 Rf6+ 45. Ke1 Bc2 46. a5 d3
47. a6 Rf2 48. Bc6+ Kf8 49. Kxf2 1-0

[Event "Südlohner SV 1 - SF Essen-Katernberg  "]
[Site "NRW-Klasse - Gruppe 2 2018/20"]
[Date "2018.11.18"]
[Round "3.7"]
[White "Neuer, Thomas"]
[Black "Hater, Wolfgang"]
[Result "1/2-1/2"]
[WhiteElo "2132"]
[BlackElo "2016"]
[PlyCount "92"]
[EventDate "2018.??.??"]
[WhiteTeam "SF Essen-Katernberg  1"]
[BlackTeam "Südlohner SV 1"]

1. Nf3 d6 2. d4 Nd7 3. c4 e5 4. Nc3 Ngf6 5. Qc2 Be7 6. g3 O-O 7. Bg2 c6 8. O-O
a5 9. Rd1 Qc7 10. b3 Re8 11. Bb2 Bf8 12. Rac1 exd4 13. Nxd4 Nc5 14. h3 Bd7 15.
Rd2 Rad8 16. Rcd1 Bc8 17. e3 g6 18. Ba3 Qe7 19. Bxc5 dxc5 20. Nde2 Bf5 21. Qc1
h5 22. Rxd8 Rxd8 23. Rxd8 Qxd8 24. e4 Bc8 25. f4 Ne8 26. Qd1 Qxd1+ 27. Nxd1 Nc7
28. Kf2 Na6 29. Ndc3 Be7 30. h4 f6 31. Bf3 Kg7 32. Ke3 Bd7 33. Nc1 Nb4 34. Kd2
Kh6 35. Nd3 g5 36. hxg5+ fxg5 37. Ne5 Be6 38. a3 Na6 39. f5 Bc8 40. Nd3 g4 41.
Bg2 Bf6 42. Ne2 Bd7 43. Nef4 Bd4 44. Ne2 Bf6 45. Nef4 Bd4 46. Ne2 Bf6 1/2-1/2

[Event "Südlohner SV 1 - SF Essen-Katernberg  "]
[Site "NRW-Klasse - Gruppe 2 2018/20"]
[Date "2018.11.18"]
[Round "3.8"]
[White "Funke, Reinhard"]
[Black "Schimnatkowski, Lukas"]
[Result "1-0"]
[WhiteElo "2059"]
[BlackElo "2038"]
[PlyCount "83"]
[EventDate "2018.??.??"]
[WhiteTeam "Südlohner SV 1"]
[BlackTeam "SF Essen-Katernberg  1"]

1. Nf3 c5 2. g3 b6 3. Bg2 Bb7 4. O-O Nf6 5. c4 e6 6. b3 Be7 7. Bb2 O-O 8. Nc3
a6 9. d4 cxd4 10. Qxd4 d6 11. Rad1 Nbd7 12. h3 Qc7 13. e4 Rfd8 14. Qe3 Rac8 15.
Rfe1 Qb8 16. Kh2 Qa8 17. Nd2 Bf8 18. f4 Nc5 19. b4 Ncd7 20. a3 Bc6 21. Bf1 e5
22. Nd5 b5 23. fxe5 dxe5 24. Nxf6+ Nxf6 25. Bxe5 Nxe4 26. Nxe4 Rxd1 27. Nf6+
gxf6 28. Bxf6 Be4 29. Rxd1 Qc6 30. Qg5+ Bg6 31. c5 Re8 32. Qf4 Re4 33. Qf2 Re6
34. Bc3 Be7 35. Bg2 Be4 36. Qf4 Bxg2 37. Qb8+ Bf8 38. Rd8 h6 39. Rxf8+ Kh7 40.
Rxf7+ Kg6 41. Qg8+ Kh5 42. Qg4# 1-0

[Event "SVG Plettenberg 1 - SF Essen-Katernberg"]
[Site "NRW-Klasse - Gruppe 2 2018/20"]
[Date "2018.12.09"]
[Round "4.1"]
[White "Siebrecht, Sebastian"]
[Black "Szabo, Gergely-Andras-Gyul"]
[Result "1/2-1/2"]
[WhiteElo "2411"]
[BlackElo "2603"]
[Annotator "Daniel"]
[PlyCount "60"]
[EventDate "2018.??.??"]
[WhiteTeam "SF Essen-Katernberg  1"]
[BlackTeam "SVG Plettenberg 1"]

1. d4 Nf6 2. Nf3 e6 3. c4 d5 4. Nc3 Be7 5. Bg5 O-O 6. e3 h6 7. Bh4 b6 8. cxd5
Nxd5 9. Bxe7 Qxe7 10. Nxd5 exd5 11. Bd3 c5 12. dxc5 bxc5 13. O-O Nd7 14. Rc1
Bb7 15. Re1 Nf6 16. Nh4 Rfc8 17. Bb1 g6 18. Nf3 a5 19. Nd2 a4 20. a3 Ra6 21.
Rc3 Rb6 22. Qc1 Ba6 23. Nf3 Rbb8 24. h3 $11 Kg7 25. Bd3 Bxd3 26. Rxd3 Qb7 27.
Rd2 Ne4 28. Rc2 c4 29. Qd1 Kg8 30. Qd4 Qb3 1/2-1/2

[Event "SVG Plettenberg 1 - SF Essen-Katernberg"]
[Site "NRW-Klasse - Gruppe 2 2018/20"]
[Date "2018.12.09"]
[Round "4.2"]
[White "Haub, Thorsten Michael"]
[Black "Tomic, Bosko"]
[Result "1-0"]
[WhiteElo "2413"]
[BlackElo "2355"]
[PlyCount "63"]
[EventDate "2018.??.??"]
[WhiteTeam "SVG Plettenberg 1"]
[BlackTeam "SF Essen-Katernberg  1"]

1. g3 g6 2. Bg2 Bg7 3. d3 d6 4. Nf3 e5 5. O-O Nc6 6. c4 f5 7. Nc3 h6 8. Rb1
Nge7 9. Bd2 g5 10. b4 Ng6 11. b5 Nce7 12. Ne1 O-O 13. Nc2 f4 14. Nb4 Nf5 15. a4
Rb8 16. a5 Nge7 17. a6 Nd4 18. e3 Ne6 19. Ncd5 Nc5 20. axb7 Bxb7 21. d4 Nxd5
22. Nxd5 Ne6 23. dxe5 fxg3 24. hxg3 Bxe5 25. Qc2 Bg7 26. Bc3 Qe8 27. Ra1 c6 28.
bxc6 Bxc6 29. Rxa7 Rb7 30. Ra6 Kh8 31. Rxc6 Qxc6 32. Nf4 1-0

[Event "SVG Plettenberg 1 - SF Essen-Katernberg"]
[Site "NRW-Klasse - Gruppe 2 2018/20"]
[Date "2018.12.09"]
[Round "4.3"]
[White "Rosen, Bernd"]
[Black "Bosch, Jeroen"]
[Result "1/2-1/2"]
[WhiteElo "2293"]
[BlackElo "2397"]
[PlyCount "57"]
[EventDate "2018.??.??"]
[WhiteTeam "SF Essen-Katernberg  1"]
[BlackTeam "SVG Plettenberg 1"]

1. c4 c6 2. Nf3 Nf6 3. g3 d5 4. Qc2 Bg4 5. Bg2 Nbd7 6. O-O Bxf3 7. exf3 e6 8.
d3 Bd6 9. Nc3 O-O 10. f4 Rc8 11. b3 b5 12. Bb2 Re8 13. Qd2 bxc4 14. dxc4 Bb4
15. a3 Bf8 16. Rfd1 Qb6 17. b4 Qb8 18. Na4 dxc4 19. Rab1 Nd5 20. Qc2 Qb5 21.
Bd4 N5b6 22. Nc5 Nxc5 23. bxc5 Qa4 24. Qxa4 Nxa4 25. Rb4 Nxc5 26. Rxc4 Red8 27.
Rb1 Nd7 28. Bxa7 Bxa3 29. Rxc6 1/2-1/2

[Event "SVG Plettenberg 1 - SF Essen-Katernberg"]
[Site "NRW-Klasse - Gruppe 2 2018/20"]
[Date "2018.12.09"]
[Round "4.4"]
[White "Browning, Alex"]
[Black "Wessendorf, Thomas"]
[Result "1-0"]
[WhiteElo "2093"]
[BlackElo "2182"]
[Annotator "Daniel"]
[PlyCount "127"]
[EventDate "2018.??.??"]
[WhiteTeam "SVG Plettenberg 1"]
[BlackTeam "SF Essen-Katernberg  1"]

1. e4 c5 2. Nf3 e6 3. c3 d5 4. exd5 exd5 5. d4 Nc6 6. Bb5 Bd6 7. O-O Nge7 8.
Nbd2 Qc7 9. dxc5 Bxc5 10. Nb3 Bd6 11. h3 O-O 12. Re1 Bf5 13. Be3 Rad8 14. Bd3
Be4 15. Nbd4 Bxd3 16. Qxd3 Qd7 17. Rad1 Rfe8 18. Bc1 Bb8 19. Nc2 Ng6 20. Rxe8+
Qxe8 21. Qb5 Qd7 22. Nb4 Nge7 23. Nd3 a6 24. Qb3 Na5 25. Qc2 Ng6 26. Nb4 Ne7
27. b3 Nac6 28. Nd3 Qf5 29. Ba3 Ng6 30. Qe2 h5 31. Bc1 Rc8 32. Re1 b5 33. Bd2
Bd6 34. b4 Nb8 35. Nd4 Qf6 36. Qxh5 Qd8 $11 37. g3 Bf8 38. h4 Nc6 39. Nf3 Be7
40. Bg5 Bf6 41. Qg4 Bxg5 42. Nxg5 Nce7 43. Nc5 Qd6 44. h5 Ne5 45. Qf4 f6 46.
Nge6 a5 47. Nd4 Rxc5 48. bxc5 Qxc5 49. Rb1 Qxc3 50. Nxb5 Qd3 51. Rb3 Qd1+ 52.
Kg2 Qxh5 53. Nd4 Qd1 54. Rb8+ Kf7 55. Rb7 g5 56. Qe3 Ke8 57. Qa3 N5g6 58. Qe3
Ne5 59. f4 gxf4 60. Qxf4 N7g6 61. Qxf6 Qxd4 62. Rb8+ Kd7 63. Rd8+ Kc7 64. Qd6+
1-0